| 000 | 01620nam a2200337 4500 | ||
|---|---|---|---|
| 001 | 0000018273 | ||
| 003 | CO-CtgCURN | ||
| 005 | 20250331185213.0 | ||
| 007 | ta | ||
| 008 | 160627s2000 000 0 eng d | ||
| 020 | _a8481744972 | ||
| 040 |
_aCO-CtgCURN _bspa _ccoctgcurn |
||
| 082 | 0 |
_a616.079 _bR74i |
|
| 100 | 1 | _aRoitt, Ivan. | |
| 245 | 1 | 0 |
_aInmunología / _cIvan Roitt, Jonathan Brostoff y David Male. |
| 250 | _a5a ed. | ||
| 260 |
_aMadrid : _bHarcourt, _c2000. |
||
| 300 | _aviii, 423 p. | ||
| 336 | _2rdacontent | ||
| 337 |
_2rdamedia _asin mediacion _bn |
||
| 338 |
_2rdacarrier _avolumen _bnc |
||
| 500 | _aIncluye Glosario (p. 404) e indice. | ||
| 504 | _aReferencias bbliograficas al final de cada capitulo. | ||
| 505 | 8 | _aIntroducción al sistema inmunitario.--El sistema linfoide.--El complemento.--Migracion celular e inflamacion.--Desarrollo del sistema inmunitario.--Inmunidad frente a los virus.--Inmunidad frente a las bacterias y los hongos.--Inmunidad frente a los protozoos y los helmintos.--Vacunacion.--Inmunología tumoral.--Inmunodeficiencia primaria.--Inmunodeficiencia secundaria.--Hipersensibilidad de tipo I.--Hipersensibilidad de tipo II.--Hipersensibilidad de tipo III.--Hipersensibilidad de tipo IV.--Trasplante y rechazo.--Autoinmunidad y enfermedades autoinmunitarias.--Tecnicas inmunologicas | |
| 650 | 1 | 4 | _aInmunología. |
| 700 | 1 | _aBrostoff, Jonathan. | |
| 908 | _a160627 | ||
| 942 |
_cBK _h616.079 _iR74i _2ddc |
||
| 999 |
_c22768 _d22768 |
||